000 00595nam a22002177a 4500
003 OSt
005 20140310181931.0
008 130722t xxu||||| |||| 00| 0 eng d
020 _a059048804x
050 _aQA 135.5
_b.Il29 1996
082 _aTR 793.74
_bI15 1996
100 _aIllingworth, Mark
_9217
245 _aReal-life math problem solving
_cMark Illingworth
260 _aNew York :
_bScholastic Inc,
_cc1996.
300 _a136 p.
_bill. ;
_c28 cm.
521 _aFaculty
541 _j1
562 _e1
650 _amathematical recreation
_92727
942 _2lcc
_cBK-TR
_kTR
999 _c7363
_d7363